000 00725nam a2200241Ia 4500
003 OSt
005 20220923212605.0
006 a|||||r|||| 00| 0
007 ta
008 220922b |||||||| |||| 00| 0 hin d
024 _a154,272
037 _cTextual
040 _aARTS
_cARTS
_bhin
041 _2hin
_ahin
082 _aO152wN, L3
100 _aउपाध्याय, कृष्णदेव
245 0 _aआंचलिक रेखा चित्र
246 _aĀanchalik rekhā chitra
260 _c1973
650 _aहिन्दी साहित्य
_9156264
942 _hO152wN, L3
_cTEXL
_2CC
999 _c309900
_d309900